Отечественные и зарубежные стандарты на продукты разделения воздуха: каталог

Opis bibliograficzny
Korporacja: Отделение Научно-исследовательского института технико-экономических исследований
Kolejni autorzy: Дыхно Н. М. (составитель), Челпанова В. П.
Streszczenie:Исключено из фонда НТБ ТПУ
Język:rosyjski
Wydane: Черкассы, НИИТЭХИМ, 1980
Format: MixedMaterials Książka
KOHA link:https://koha.lib.tpu.ru/cgi-bin/koha/opac-detail.pl?biblionumber=114794

MARC

LEADER 00000nam0a2200000 4500
001 114794
005 20231031122350.0
035 |a (RuTPU)RU\TPU\book\124147 
090 |a 114794 
100 |a 20070426d1980 k y0rusy50 ca 
101 0 |a rus 
102 |a RU 
105 |a y b 000zy 
200 1 |a Отечественные и зарубежные стандарты на продукты разделения воздуха  |e каталог  |f Отделение Научно-исследовательского института технико-экономических исследований; сост. Н. М. Дыхно, В. П. Челпанова 
210 |a Черкассы  |c НИИТЭХИМ  |d 1980 
215 |a 68 с. 
333 |a Исключено из фонда НТБ ТПУ 
702 1 |a Дыхно  |b Н. М.  |4 220 
702 1 |a Челпанова  |b В. П.  |4 220 
712 0 2 |a Отделение Научно-исследовательского института технико-экономических исследований 
801 1 |a RU  |b 63413507  |c 20070426  |g PSBO 
801 2 |a RU  |b 63413507  |c 20220617  |g PSBO 
942 |c BK